书目信息 |
| 题名: |
华夏人文概览
|
|
| 作者: | 章必功 主编 | |
| 分册: | ||
| 出版信息: | 北京 高等教育出版社 2006 |
|
| 页数: | 462页, [1] 叶图版 | |
| 开本: | 23cm | |
| 丛书名: | ||
| 单 册: | ||
| 中图分类: | C092 | |
| 科图分类: | ||
| 主题词: | 人文科学--历史--高等学校--教材 | |
| 电子资源: | ||
| ISBN: | 978-7-04-015300-2 | |
| 000 | 00808nam0 2200217 450 | |
| 001 | 1260371519 | |
| 005 | 20121002164701.76 | |
| 010 | @a978-7-04-015300-2@dCNY36.70 | |
| 100 | @a20120808d2006 ekmy0chiy50 ea | |
| 101 | 0 | @achi |
| 102 | @aCN@b110000 | |
| 105 | @afh a 000yy | |
| 200 | 1 | @a华夏人文概览@Ahua xia ren wen gai lan@f章必功主编 |
| 210 | @a北京@c高等教育出版社@d2006 | |
| 215 | @a462页, [1] 叶图版@c摹真@d23cm | |
| 330 | @a本书以“人文文化”立论, 编撰时“史”、“论”结合, 将数千年来我国哲学、史学、文学、宗教、伦理、艺术、美学、社会思潮及制度变革等领域的重要精神成果熔于一炉, 从中总结传统价值之大要, 概略了解华夏人文传统。 | |
| 606 | 0 | @a人文科学@x历史@x高等学校@j教材 |
| 690 | @aC092@v5 | |
| 701 | 0 | @a章必功@Azhang bi gong@4主编 |
| 801 | 0 | @aCN@bNLC@c20120808 |
| 905 | @a10447@dC092@eJY73 | |
| 华夏人文概览/章必功主编.-北京:高等教育出版社,2006 |
| 462页, [1] 叶图版:摹真;23cm |
| ISBN 978-7-04-015300-2:CNY36.70 |
| 本书以“人文文化”立论, 编撰时“史”、“论”结合, 将数千年来我国哲学、史学、文学、宗教、伦理、艺术、美学、社会思潮及制度变革等领域的重要精神成果熔于一炉, 从中总结传统价值之大要, 概略了解华夏人文传统。 |
| ● |
| 相关链接 |
|
|
|
|
正题名:华夏人文概览
索取号:C092/JY73
 
预约/预借
| 序号 | 登录号 | 条形码 | 馆藏地/架位号 | 状态 | 备注 |
| 1 | 7810155 | 278101554 | 学院路分馆/ [索取号:C092/JY73] | 在馆 | |
| 2 | 7810156 | 278101563 | 学院路分馆/ [索取号:C092/JY73] | 在馆 |